Exact solutions of Einstein's field equations (Record no. 29222)
[ view plain ]
| 000 -LEADER | |
|---|---|
| fixed length control field | 01476nam a2200385 4500 |
| 082 04 - DEWEY DECIMAL CLASSIFICATION NUMBER | |
| Classification number | 530.11 |
| 245 00 - TITLE STATEMENT | |
| Title | Exact solutions of Einstein's field equations |
| 250 ## - EDITION STATEMENT | |
| Edition statement | 2nd ed. / |
| 260 ## - PUBLICATION, DISTRIBUTION, ETC. (IMPRINT) | |
| Place of publication | Cambridge : |
| Name of publisher | Cambridge University Press, |
| Year of publication | 2003. |
| 300 ## - PHYSICAL DESCRIPTION | |
| Number of Pages | xxix, 701 p. : |
| Other physical details | ill. |
| 490 1# - SERIES STATEMENT | |
| Series statement | Cambridge monographs on mathematical physics |
| 500 ## - GENERAL NOTE | |
| General note | Previous ed.: 1980. |
| 650 #0 - SUBJECT ADDED ENTRY--TOPICAL TERM | |
| Topical Term | General relativity (Physics) |
| Topical Term | Gravitational waves. |
| Topical Term | Space and time. |
| Topical Term | Einstein field equations |
| 700 1# - ADDED ENTRY--PERSONAL NAME | |
| Personal name | Stephani, Hans. |
| 856 40 - ELECTRONIC LOCATION AND ACCESS | |
| Uniform Resource Identifier | http://site.ebrary.com/lib/rucke/Doc?id=10069056 |
No items available.
